Olivia Dean - Une lettre, une chanson - Statistiques

Statistiques générales
  • Ce quiz a été pris 7 fois
  • Le résultat moyen est 7 sur 21
Statistiques - réponses
Lettres Chansons % Correct
M Man I Need / Merry Christmas Everyone / Messy
100%
B Baby Come Home / Baby Steps / Be My Own Boyfriend
67%
D Danger / Dangerously Easy / Dive
67%
H The Harder They Come / The Hardest Part
67%
C Carmen / The Christmas Song / Close Up / A Couple Minutes / Cross My Mind / Crosswords
50%
L Ladies Room / Lady Lady / Let Alone the One You Love / Loud
50%
N Nice to Each Other / No Man
50%
O Ok Love You Bye
50%
S Slowly / So Easy (To Fall in Love) / Something Inbetween
50%
A The Art of Loving (Intro)
50%
I I Could Be a Florist / I've Seen It / It Isn't Perfect But It Might Be
33%
U UFO
17%
E Echo / Everybody's Crazy
0%
F Fall Again / Float
0%
G Getting There (Interlude)
0%
J Just For You (L.L.Bean Christmas Advert)
0%
O Out
0%
P Password Change
0%
R Reason to Stay
0%
T Time / Touching Toes
0%
W What Am I Gonna Do on Sundays? / White Trainers - Demo / Wish I Didn't Miss You (Mahogany Sessions)
0%
Aucun quiz correspondant
Distribution des résultats
% des personnes avec chaque résultat
Percentile par nombre de réponses
Votre historique - résultats
Vous n’avez pas pris ce quiz